Peterson's graduate and professional : An overview
Contents: Directory of graduate and professional programs by field, directory of institutions and their offerings, profiles of institutions offering graduate and professional work
Shranjeno v:
| Format: | Knjiga |
|---|---|
| Jezik: | Undetermined |
| Izdano: |
Lawrenceville, NJ.
Thomson Peterson's
2008
|
| Teme: | |
| Oznake: |
Označite
Brez oznak, prvi označite!
|
| Thư viện lưu trữ: | Trung tâm Học liệu Trường Đại học Cần Thơ |
|---|
| LEADER | 00813nam a2200217Ia 4500 | ||
|---|---|---|---|
| 001 | CTU_156964 | ||
| 008 | 210402s9999 xx 000 0 und d | ||
| 020 | |c 9.27 | ||
| 082 | |a 378.1553 | ||
| 082 | |b P485/T.1 | ||
| 245 | 0 | |a Peterson's graduate and professional : | |
| 245 | 3 | |b An overview | |
| 260 | |a Lawrenceville, NJ. | ||
| 260 | |b Thomson Peterson's | ||
| 260 | |c 2008 | ||
| 520 | |a Contents: Directory of graduate and professional programs by field, directory of institutions and their offerings, profiles of institutions offering graduate and professional work | ||
| 650 | |a Universities and colleges,Education, Graduate | ||
| 650 | |x Graduate work,Directories.,Directories | ||
| 650 | |z United States,United States | ||
| 904 | |i Tuyến | ||
| 980 | |a Trung tâm Học liệu Trường Đại học Cần Thơ | ||